New Horizons in the study of language and mind
محفوظ في:
| المؤلف الرئيسي: | |
|---|---|
| التنسيق: | كتاب |
| اللغة: | Undetermined |
| منشور في: |
Cambridge Univ. Press
Cambridge, UK
2000
|
| الموضوعات: | |
| الوسوم: |
إضافة وسم
لا توجد وسوم, كن أول من يضع وسما على هذه التسجيلة!
|
| Thư viện lưu trữ: | Trung tâm Học liệu Trường Đại học Cần Thơ |
|---|
| LEADER | 00541nam a2200193Ia 4500 | ||
|---|---|---|---|
| 001 | CTU_49509 | ||
| 008 | 210402s9999 xx 000 0 und d | ||
| 082 | |a 401 | ||
| 082 | |b C548 | ||
| 100 | |a Noam Chomsky | ||
| 245 | 0 | |a New Horizons in the study of language and mind | |
| 245 | 0 | |c NOAM CHOMSKY | |
| 260 | |a Cambridge Univ. Press | ||
| 260 | |b Cambridge, UK | ||
| 260 | |c 2000 | ||
| 650 | |a language and languages,philosophy of mind | ||
| 650 | |x philosophy | ||
| 904 | |i Minh | ||
| 980 | |a Trung tâm Học liệu Trường Đại học Cần Thơ | ||